[Event "DDR"]
[Site "http://www.queenalice.com/game.php?id=224989"]
[Date "2007.6.14"]
[Round "-"]
[White "ulisses34"]
[Black "col"]
[Result "0-1"]
[WhiteElo "1339"]
[BlackElo "2039"]

1. d4 Nf6 2. Bg5 d6 3. Bxf6 gxf6 4. e4 c6 5. b4 f5 6. Bd3 fxe4 7. Bxe4 d5 8. Bd3
Qd6 9. c3 Rg8 10. Qf3 e5 11. Qe3 e4 12. Ne2 Bh6 13. f4 Be6 14. Bc2 Rxg2 15. Nd2
Nd7 16. Bxe4 dxe4 17. Kf1 Rxe2 18. Qxe2 Qxf4+ 19. Nf3 exf3 20. Qf2 Bc4+ 21. Ke1
Qe4+ 22. Kd1 Be2+ 23. Ke1 Bb5+ 24. Kd1 Ba4+ 25. Qc2 Qe2# 0-1

[Event "@"]
[Site "http://www.queenalice.com/game.php?id=226882"]
[Date "2007.6.18"]
[Round "-"]
[White "ulisses34"]
[Black "col"]
[Result "0-1"]
[WhiteElo "1392"]
[BlackElo "2041"]

1. b3 d5 2. e3 c5 3. Bb2 Nc6 4. c4 d4 5. exd4 cxd4 6. Ba3 Bf5 7. d3 e5 8. Bxf8
Kxf8 9. Qd2 Nf6 10. Nf3 Qe7 11. Ng5 h6 12. Nf3 e4 13. Ng1 exd3+ 14. Kd1 Ne4 15.
Qb2 Re8 16. Na3 Nc3+ 17. Kd2 Qg5+ 0-1

[Event "Best out of 15? ;-)"]
[Site "http://www.queenalice.com/game.php?id=230685"]
[Date "2007.6.25"]
[Round "-"]
[White "Narz"]
[Black "col"]
[Result "0-1"]
[WhiteElo "1901"]
[BlackElo "2053"]

1. e4 c5 2. c3 Nf6 3. e5 Nd5 4. d4 cxd4 5. cxd4 e6 6. f4 Nc6 7. Nf3 Bb4+ 8. Bd2
Qb6 9. a3 Be7 10. Nc3 Nxd4 11. Nxd5 exd5 12. b4 d6 13. a4 dxe5 14. fxe5 O-O 15.
a5 Nxf3+ 16. Qxf3 Qd4 17. Rb1 Qxe5+ 18. Be2 Bf5 19. Rb3 Qa1+ 20. Bd1 Bh4+ 0-1

[Event "Blame Narz"]
[Site "http://www.queenalice.com/game.php?id=235417"]
[Date "2007.7.6"]
[Round "-"]
[White "Stegyre"]
[Black "col"]
[Result "0-1"]
[WhiteElo "1811"]
[BlackElo "2063"]

1. e4 c5 2. Nf3 d6 3. Bc4 Nf6 4. d3 g6 5. Be3 Bg7 6. Qd2 Nc6 7. Bh6 Nxe4 8. Qc1
Qa5+ 9. c3 Bxh6 10. Qxh6 Nf6 11. O-O d5 12. Bb3 Bf5 13. Rd1 O-O-O 14. Qf4 Qc7
15. Qxc7+ Kxc7 16. c4 d4 17. a3 Nd7 18. Ng5 Nde5 19. Bc2 h6 20. Ne4 Bxe4 21.
dxe4 Nxc4 22. b3 N4e5 23. f4 d3 24. fxe5 dxc2 25. Rxd8 c1=Q+ 26. Kf2 Rxd8 27.
Kg3 Rd3+ 0-1

[Event "Challenge"]
[Site "http://www.queenalice.com/game.php?id=235825"]
[Date "2007.7.7"]
[Round "-"]
[White "col"]
[Black "Narz"]
[Result "1-0"]
[WhiteElo "2069"]
[BlackElo "1916"]

1. e4 c5 2. Nc3 Nc6 3. f4 g6 4. Nf3 Bg7 5. Bc4 e6 6. f5 Nge7 7. fxe6 dxe6 8. d3
O-O 9. O-O Na5 10. Bb3 Nxb3 11. axb3 e5 12. Be3 b6 13. Qd2 f6 14. Bh6 Be6 15.
Bxg7 Kxg7 16. Qf2 Nc6 17. Qg3 Nd4 18. Rf2 Rf7 19. Raf1 Qd7 20. Nh4 b5 21. Nf5+
Bxf5 22. exf5 g5 23. Ne4 Qd5 24. Qg4 Kf8 25. h4 gxh4 26. Qxh4 Ke7 27. g4 Rg8 28.
Ra1 Qb7 29. Nxf6 Nf3+ 30. Rxf3 Qxf3 31. Nxg8+ Kf8 32. Nh6 Qe3+ 33. Kg2 Qe2+ 34.
Qf2 1-0

[Event "loinburger"]
[Site "http://www.queenalice.com/game.php?id=244192"]
[Date "2007.7.23"]
[Round "4"]
[White "col"]
[Black "MadScot"]
[Result "1-0"]
[WhiteElo "2089"]
[BlackElo "1805"]

1. e4 c6 2. d3 d5 3. Nd2 dxe4 4. dxe4 g6 5. Ngf3 Bg7 6. g3 Bg4 7. Bc4 e6 8. h3
Bxf3 9. Qxf3 Ne7 10. O-O O-O 11. Qa3 Nd7 12. Nf3 Nf6 13. Re1 Qb6 14. Qxe7 1-0

[Event "CFC 2nd Annual"]
[Site "http://www.queenalice.com/game.php?id=254500"]
[Date "2007.8.12"]
[Round "1"]
[White "Chamnix"]
[Black "col"]
[Result "1/2-1/2"]
[WhiteElo "2028"]
[BlackElo "2079"]

1. e4 c5 2. Nf3 d6 3. d4 cxd4 4. Nxd4 Nf6 5. Nc3 g6 6. Be3 Bg7 7. f3 Nc6 8. Qd2
O-O 9. Bc4 Bd7 10. h4 Rc8 11. Bb3 h5 12. O-O-O Ne5 13. Bh6 Nc4 14. Bxc4 Rxc4 15.
Bxg7 Kxg7 16. g4 hxg4 17. h5 Rh8 18. hxg6 fxg6 19. f4 e5 20. Nde2 Rxh1 21. Rxh1
Nxe4 22. Nxe4 Rxe4 23. fxe5 Rxe2 24. Qh6+ Kf7 25. Qh7+ Ke6 26. Qxg6+ Kxe5
1/2-1/2

[Event "Challenge"]
[Site "http://www.queenalice.com/game.php?id=261657"]
[Date "2007.8.26"]
[Round "-"]
[White "piazzi"]
[Black "col"]
[Result "0-1"]
[WhiteElo "1679"]
[BlackElo "2079"]

1. e4 c5 2. Bc4 d6 3. Nc3 Nf6 4. Nf3 Nc6 5. d3 g6 6. Bg5 Bg7 7. h3 O-O 8. Qd2
Be6 9. O-O Bxc4 10. dxc4 Qd7 11. Rad1 Rad8 12. e5 dxe5 13. Qxd7 Nxd7 14. a3 h6
15. Be3 f5 16. b4 e4 17. Nd2 Bxc3 0-1

[Event "Challenge"]
[Site "http://www.queenalice.com/game.php?id=262274"]
[Date "2007.8.27"]
[Round "-"]
[White "TheWatcher"]
[Black "col"]
[Result "0-1"]
[WhiteElo "1100"]
[BlackElo "2085"]

1. d4 Nf6 2. c4 g6 3. Nf3 Bg7 4. Nc3 d6 5. e4 O-O 6. Be2 e5 7. d5 Na6 8. Be3 Ng4
9. Bg5 f6 10. Bh4 h5 11. h3 Nh6 12. Nd2 c5 13. f3 Nf7 14. Bf2 Bh6 15. g4 hxg4
16. hxg4 Kg7 17. a3 Rh8 18. Qc2 Be3 19. Rf1 Bd4 20. Nb3 Rh2 21. Nxd4 cxd4 22.
Nb1 Ng5 23. b4 Nh3 24. Nd2 Qh8 25. c5 Nxf2 26. Rxf2 Qh4 27. O-O-O Qxf2 28. Bxa6
bxa6 29. cxd6 Bd7 0-1

[Event "Challenge"]
[Site "http://www.queenalice.com/game.php?id=263577"]
[Date "2007.8.29"]
[Round "-"]
[White "col"]
[Black "Boby"]
[Result "1-0"]
[WhiteElo "2081"]
[BlackElo "1317"]

1. e4 c5 2. Nf3 d6 3. d4 cxd4 4. Nxd4 Nf6 5. Nc3 a6 6. Bc4 e6 7. Bb3 b5 8. O-O
b4 9. Na4 Nxe4 10. Re1 d5 11. Bf4 Bb7 12. Qh5 Qe7 13. Nb6 Nd7 14. Nxa8 Bxa8 15.
Rxe4 g6 16. Qe2 dxe4 17. Qxa6 Bg7 18. Qxa8+ Qd8 19. Qxd8+ Kxd8 20. Rd1 Ke8 21.
Nxe6 Bxb2 22. Nc7+ Ke7 23. Nd5+ Ke6 24. Nxb4+ Kf5 25. Bg3 Ne5 26. Rd5 h5 27. Nc6
f6 28. Ne7+ Kg5 29. h4+ Kh6 30. Bxe5 Bxe5 31. Rd7 g5 32. g3 1-0

[Event "Challenge"]
[Site "http://www.queenalice.com/game.php?id=265374"]
[Date "2007.9.2"]
[Round "-"]
[White "Boby"]
[Black "col"]
[Result "0-1"]
[WhiteElo "1387"]
[BlackElo "2087"]

1. e4 c5 2. Nf3 d6 3. d4 cxd4 4. Nxd4 Nf6 5. Nc3 g6 6. Be2 Bg7 7. O-O Nc6 8. Nb3
O-O 9. Bg5 a6 10. Qd2 b5 11. f3 Re8 12. a4 b4 13. Nd5 Nxd5 14. exd5 Na5 15. Qxb4
Nxb3 16. cxb3 Bf5 17. Bc4 Bxb2 18. Rae1 Qc7 19. Qd2 Be5 20. Rc1 Qa7+ 21. Kh1 Qd4
22. Qe2 Qb6 23. Rfe1 Bg7 24. Qd2 e5 25. dxe6 Bxe6 26. Rxe6 fxe6 27. Bxe6+ Kh8
28. Be3 Qd8 29. Bf7 Rf8 30. Bc4 Rf5 31. Rd1 Qe7 32. Bb6 Be5 33. Qe1 Qf6 34. Bg1
Qf8 35. Qe4 Re8 36. Bxa6 Bxh2 37. Bd4+ Be5 38. Kg1 Rf4 39. Bxe5+ Rxe5 40. Qd3 d5
41. Qc3 Qf6 42. a5 d4 43. Qc8+ Kg7 44. b4 Rh5 45. Qc7+ Kh6 46. Qc1 Qh4 47. Bb7
Qg3 48. Qd2 Rh2 49. b5 Kg7 50. a6 Rfh4 51. Kf1 Rh1+ 52. Ke2 Qxg2+ 53. Kd3 Rxd1
54. Qxd1 Qb2 55. Kc4 d3+ 56. Be4 Qc2+ 57. Qxc2 dxc2 58. Kc5 c1=Q+ 59. Kb6 Qe3+
60. Kc6 Rh5 61. Bd5 Qc3+ 62. Kd6 Qe5+ 63. Kc5 Qxd5+ 0-1

[Event "Challenge"]
[Site "http://www.queenalice.com/game.php?id=265967"]
[Date "2007.9.3"]
[Round "-"]
[White "bruno_3112"]
[Black "col"]
[Result "0-1"]
[WhiteElo "1247"]
[BlackElo "2083"]

1. d4 Nf6 2. Nc3 g6 3. Nf3 Bg7 4. e3 O-O 5. Bd3 d6 6. e4 c6 7. e5 dxe5 8. Nxe5
Qxd4 9. h4 Qxe5+ 10. Be3 Ng4 11. Qf3 Nxe3 12. fxe3 Nd7 13. h5 Nf6 14. hxg6 fxg6
15. Bc4+ Be6 16. Bxe6+ Qxe6 17. Qg3 Ng4 18. Qh3 Qxe3+ 19. Ne2 Qf2+ 20. Kd1 Rad8+
21. Kc1 Qf1+ 0-1

[Event "Challenge"]
[Site "http://www.queenalice.com/game.php?id=272410"]
[Date "2007.9.15"]
[Round "-"]
[White "TheWatcher"]
[Black "col"]
[Result "0-1"]
[WhiteElo "1100"]
[BlackElo "2096"]

1. d4 Nf6 2. c4 g6 3. Nf3 Bg7 4. Nc3 d6 5. e4 O-O 6. Be2 e5 7. d5 Na6 8. Nd2 h5
9. f3 c5 10. dxc6 bxc6 11. a3 h4 12. b4 Nh5 13. Nf1 Nf4 14. Ne3 h3 15. Bf1 hxg2
16. Nxg2 Nxg2+ 17. Bxg2 Qh4+ 18. Ke2 Be6 19. Qd3 Rfd8 20. Bd2 Nc7 21. Rag1 d5
22. Be1 dxc4 23. Qe3 Qh5 24. Bd2 Rd3 25. Qf2 Rad8 26. Rd1 Bh6 27. Bxh6 Qxh6 0-1

[Event "CFC 2nd Annual"]
[Site "http://www.queenalice.com/game.php?id=290831"]
[Date "2007.10.22"]
[Round "2"]
[White "col"]
[Black "ThetrueElrohir"]
[Result "1-0"]
[WhiteElo "2098"]
[BlackElo "1210"]

1. e4 e5 2. Nf3 Nc6 3. Bb5 Nf6 4. Qe2 Bc5 5. c3 O-O 6. d3 a6 7. Ba4 d5 8. O-O b5
9. Bb3 a5 10. exd5 Nxd5 11. Qe4 f5 12. Qxd5+ Kh8 13. Qxc6 Bd7 14. Qxc5 e4 15.
Ne5 Qe8 16. Qd5 c6 17. Qxd7 a4 18. Nf7+ Kg8 19. Nd6+ axb3 20. Nxe8 1-0

[Event "A-O SE invitionl"]
[Site "http://www.queenalice.com/game.php?id=323238"]
[Date "2007.12.20"]
[Round "1"]
[White "Stegyre"]
[Black "col"]
[Result "0-1"]
[WhiteElo "1857"]
[BlackElo "2101"]

1. e4 c5 2. Nf3 d6 3. Bb5+ Bd7 4. Bxd7+ Qxd7 5. c4 Nc6 6. d4 Qg4 7. O-O cxd4 8.
Nxd4 Qxd1 9. Rxd1 g6 10. Na3 Nxd4 11. Rxd4 Bg7 12. Rd1 Nf6 13. Nb5 Rc8 14. Nxa7
Rxc4 15. f3 Nd7 16. Nb5 O-O 17. Rb1 Rfc8 18. Be3 Rc2 19. Nc3 Bxc3 20. bxc3 R8xc3
21. Bd4 Rc7 22. Ra1 f5 23. Re1 e5 24. Bf2 fxe4 25. fxe4 Rb2 26. Rec1 Rxa2 27.
Rab1 Rxc1+ 28. Rxc1 Nf6 29. Rc8+ Kf7 30. Rc7+ Ke6 31. Be3 b5 32. Rb7 Ng4 33. Bc1
Ra1 34. Rc7 b4 35. h3 b3 36. hxg4 b2 37. Kh2 b1=Q 38. Bg5 Qg1+ 39. Kg3 Ra3+ 40.
Kh4 Qh2# 0-1

[Event "Challenge"]
[Site "http://www.queenalice.com/game.php?id=337915"]
[Date "2008.1.17"]
[Round "-"]
[White "Yagaron"]
[Black "col"]
[Result "0-1"]
[WhiteElo "1100"]
[BlackElo "2106"]

1. d4 Nf6 2. c4 g6 3. Bf4 Bg7 4. e3 d6 5. Nf3 O-O 6. Bd3 c5 7. O-O cxd4 8. exd4
Nc6 9. Bg5 Qb6 10. Bc1 Nxd4 0-1